[Event "Open Praha 2018 - B"]
[Site "Praha (CZE)"]
[Date "2018.01.14"]
[Round "4"]
[White "Gunyecz, Zoltan Dr"]
[Black "Kochev, Igor"]
[Result "1-0"]
[WhiteElo "1977"]
[BlackElo "1759"]
[PlyCount "143"]
[EventDate "2018.01.12"]

1. d4 e6 2. c4 d5 3. cxd5 exd5 4. Nc3 c6 5. Nf3 Bd6 6. Bg5 f6 7. Bh4 Bf5 8. a3
Ne7 9. e3 O-O 10. Bd3 Nd7 11. O-O Re8 12. Rb1 a5 13. Bg3 Bxg3 14. hxg3 Bxd3 15.
Qxd3 a4 16. Qc2 b5 17. e4 Nb6 18. exd5 Nexd5 19. Nxd5 Qxd5 20. Rfe1 Nc4 21. Qc3
Qd6 22. Nd2 Nxd2 23. Qxd2 Rxe1+ 24. Rxe1 c5 25. d5 Rd8 26. Qd3 c4 27. Qd4 Kf7
28. Rd1 Rd7 29. Qe4 g6 30. f4 Qc5+ 31. Kh2 Re7 32. Qc2 Rd7 33. Qd2 Rd6 34. g4
h6 35. f5 g5 36. Qe2 Qc7 37. Kg1 Qe7 38. Kf2 Rd7 39. Qe6+ Kf8 40. d6 Qd8 41.
Kf3 Qa8+ 42. Kf2 Qd8 43. Rd2 Qb6+ 44. Ke2 Qd8 45. Kd1 b4 46. Qxc4 bxa3 47. bxa3
Rxd6 48. Qb4 Ke7 49. Kc2 Qc7+ 50. Kb2 Qc6 51. Rxd6 Qxd6 52. Kc3 Kd7 53. Qxd6+
Kxd6 54. Kb4 Ke5 55. Kxa4 Kf4 56. Kb4 Kxg4 57. a4 Kg3 58. a5 Kxg2 59. a6 Kg3
60. a7 Kg4 61. a8=Q Kxf5 62. Qf3+ Kg6 63. Qe4+ Kg7 64. Qf5 h5 65. Kc5 h4 66.
Kd6 h3 67. Qxh3 Kf7 68. Qf5 Kg7 69. Ke7 g4 70. Qxg4+ Kh7 71. Kxf6 Kh8 72. Qg7#
1-0

[Event "Open Praha 2018 - B"]
[Site "Praha (CZE)"]
[Date "2018.01.14"]
[Round "4"]
[White "Jaeger, Andre"]
[Black "Matys, Jakub"]
[Result "1-0"]
[WhiteElo "1958"]
[BlackElo "1757"]
[PlyCount "121"]
[EventDate "2018.01.12"]

1. d4 Nf6 2. c4 g6 3. g3 Bg7 4. Bg2 d6 5. Nf3 O-O 6. Nc3 Nbd7 7. O-O c6 8. e4
e5 9. h3 Re8 10. Be3 a5 11. Qc2 exd4 12. Nxd4 Ne5 13. b3 Qc7 14. Rad1 Be6 15.
f4 Ned7 16. f5 gxf5 17. Nxf5 Bxf5 18. Rxf5 Re5 19. Rf2 Nc5 20. Bd4 Re6 21. e5
Nxb3 22. axb3 dxe5 23. Be3 e4 24. Bf4 Qe7 25. Re2 e3 26. g4 Re8 27. Rde1 Nd7
28. Kh1 Qf6 29. Nd5 cxd5 30. cxd5 Rb6 31. Bxe3 Rb4 32. Bd2 Rxe2 33. Rxe2 Rb5
34. Qc8+ Nf8 35. Qc4 Rb6 36. Bxa5 Qa1+ 37. Be1 Qd1 38. Qc2 Qxc2 39. Rxc2 Rxb3
40. Re2 Rb1 41. Be4 Rd1 42. Kg2 b5 43. Bb4 Ng6 44. Bd2 b4 45. Bc2 Ra1 46. Re8+
Nf8 47. Bxb4 Ra2 48. Rc8 Rb2 49. Be7 f6 50. d6 Kf7 51. Kg3 h6 52. Bf5 Rb3+ 53.
Kg2 Rb2+ 54. Kf1 Rd2 55. Ke1 Rd5 56. Bc2 Ne6 57. Bb3 Rd3 58. Bc4 Rxh3 59. d7
Kxe7 60. Bxe6 Re3+ 61. Kd2 1-0

[Event "Open Praha 2018 - B"]
[Site "Praha (CZE)"]
[Date "2018.01.14"]
[Round "4"]
[White "Palka, Miroslav"]
[Black "Nemecek, Lukas"]
[Result "1-0"]
[WhiteElo "1934"]
[BlackElo "1639"]
[PlyCount "105"]
[EventDate "2018.01.12"]

1. c4 e6 2. g3 f5 3. Bg2 Nf6 4. Nc3 d5 5. cxd5 exd5 6. Nf3 a6 7. d4 Bd6 8. Ne5
Be6 9. Qb3 Ra7 10. Bg5 c6 11. Bxf6 gxf6 12. Nd3 Nd7 13. e3 Qb6 14. Qxb6 Nxb6
15. b3 a5 16. a4 Ke7 17. Kd2 Rc8 18. Rhc1 Nd7 19. Ne2 b6 20. Nef4 Nf8 21. Nxe6
Kxe6 22. Nf4+ Bxf4 23. exf4 Rac7 24. Re1+ Kf7 25. Bh3 Ne6 26. Kd3 Ng7 27. Bg2
Re7 28. Re3 Rxe3+ 29. fxe3 Ke7 30. Rc1 Kd6 31. Bf3 Rc7 32. Rc2 c5 33. dxc5+
bxc5 34. h3 h5 35. Rc3 Rc8 36. Kc2 Rd8 37. Rd3 Ke6 38. Rc3 Kd6 39. Bxd5 h4 40.
Bf3 hxg3 41. Rd3+ Kc7 42. Rxd8 Kxd8 43. Kc3 Kc7 44. Kc4 Ne6 45. h4 Kd6 46. h5
Nf8 47. h6 Ng6 48. h7 Nh8 49. Kb5 Nf7 50. Kxa5 c4 51. Kb4 cxb3 52. Kxb3 Kc5 53.
Kc3 1-0

[Event "Open Praha 2018 - B"]
[Site "Praha (CZE)"]
[Date "2018.01.14"]
[Round "4"]
[White "Nemecek, Pavel"]
[Black "Kovar, Zdenek"]
[Result "1-0"]
[WhiteElo "1846"]
[BlackElo "1750"]
[PlyCount "145"]
[EventDate "2018.01.12"]

1. e4 c5 2. Nc3 Nc6 3. g3 Nf6 4. Bg2 e5 5. d3 h6 6. Nge2 d6 7. O-O Be6 8. f4
Bg4 9. h3 Bxe2 10. Nxe2 Be7 11. c3 Qc7 12. Be3 Rd8 13. d4 b5 14. fxe5 dxe5 15.
d5 Na5 16. a4 Nc4 17. Bf2 a6 18. axb5 axb5 19. Nc1 O-O 20. Qe2 Ra8 21. Nd3 Nd7
22. g4 Ra5 23. b3 Na3 24. b4 cxb4 25. Nxb4 Bxb4 26. cxb4 Raa8 27. Rfc1 Nc4 28.
Bf1 Qd6 29. Qe1 Rxa1 30. Rxa1 Rc8 31. Ra7 Rc7 32. Qa1 Kh7 33. Rxc7 Qxc7 34. Qa6
Qb8 35. Bxc4 bxc4 36. Qxc4 Nf6 37. b5 Ne8 38. b6 Qa8 39. Qc6 Qd8 40. b7 Nd6 41.
Bb6 Qb8 42. Qc7 Qxc7 43. Bxc7 Nxb7 44. Bxe5 Nc5 45. d6 f6 46. Bc3 Kg8 47. e5
fxe5 48. Bxe5 Kf7 49. Kg2 Nd7 50. Bb2 Nc5 51. Kf3 g6 52. Ba3 Nd7 53. Ke4 Ke6
54. Kd4 Ne5 55. Kc5 Kd7 56. Kd5 Nd3 57. h4 Nf4+ 58. Ke5 Ne6 59. Kf6 g5 60. hxg5
hxg5 61. Kf5 Nf8 62. Kxg5 Ke6 63. Kh6 Kf7 64. g5 Kg8 65. Bb4 Nd7 66. Kg6 Nb6
67. Bc3 Nd7 68. Bf6 Nf8+ 69. Kf5 Kf7 70. g6+ Nxg6 71. d7 Ne7+ 72. Ke5 Nc6+ 73.
Kd6 1-0

[Event "Open Praha 2018 - B"]
[Site "Praha (CZE)"]
[Date "2018.01.14"]
[Round "4"]
[White "Michel, Ladislav"]
[Black "Koper, Stefan"]
[Result "1/2-1/2"]
[WhiteElo "1774"]
[BlackElo "1840"]
[PlyCount "126"]
[EventDate "2018.01.12"]

1. d4 g6 2. Nf3 Bg7 3. Bf4 d5 4. e3 Bg4 5. Nbd2 e6 6. c3 Bxf3 7. Nxf3 c6 8. Qb3
Qb6 9. Be2 Nd7 10. O-O Ngf6 11. Ne5 O-O 12. Qxb6 axb6 13. c4 Ra4 14. b3 Ra7 15.
a4 Rfa8 16. Rac1 Bf8 17. h4 h5 18. f3 Bb4 19. g4 hxg4 20. fxg4 Nxe5 21. Bxe5
Ne4 22. g5 Bd2 23. Rc2 Bxe3+ 24. Kg2 c5 25. cxd5 exd5 26. Bb5 Rf8 27. Rf3 cxd4
28. Rc7 Raa8 29. Bd7 Nc5 30. Bg4 Nd3 31. Bg3 b5 32. Rfxf7 Rxf7 33. Be6 Raf8 34.
h5 Bf4 35. Rxf7 Rxf7 36. hxg6 Bxg3 37. gxf7+ Kg7 38. Kxg3 bxa4 39. bxa4 b6 40.
g6 Ne5 41. Bf5 d3 42. Kf2 d2 43. Ke2 Nc4 44. Bc2 Kf8 45. Bb3 Ne5 46. Bc2 Nc4
47. Kd1 Kg7 48. Bd3 Nb2+ 49. Kxd2 Nxa4 50. Ke3 Nc5 51. Bf5 Nb7 52. Be6 Nd6 53.
Kd4 Ne4 54. Kxd5 Ng5 55. Kd6 Kf8 56. Ba2 Ne4+ 57. Ke5 Ng5 58. Kd6 Ne4+ 59. Kc6
b5 60. Bd5 Nf6 61. Bb3 b4 62. Kc5 Kg7 63. Kxb4 Nd7 1/2-1/2

[Event "Open Praha 2018 - B"]
[Site "Praha (CZE)"]
[Date "2018.01.14"]
[Round "4"]
[White "Lomakina, Anzhelika"]
[Black "Kolmas, Oldrich"]
[Result "1/2-1/2"]
[WhiteElo "1693"]
[BlackElo "1795"]
[PlyCount "56"]
[EventDate "2018.01.12"]

1. e4 b6 2. d4 Bb7 3. Bd3 Nf6 4. Qe2 e6 5. Nf3 Nc6 6. O-O Be7 7. c3 d6 8. Bg5
Nd7 9. Bxe7 Qxe7 10. Nbd2 h6 11. Ba6 Bxa6 12. Qxa6 Qd8 13. b4 O-O 14. Nb3 Ne7
15. Qd3 e5 16. Rad1 Ng6 17. dxe5 Ndxe5 18. Nxe5 Nxe5 19. Qg3 Qf6 20. Nd4 Qg6
21. Nf5 Qxg3 22. Ne7+ Kh7 23. hxg3 f6 24. Nd5 Rf7 25. c4 Nxc4 26. Rc1 b5 27.
Rfd1 a6 28. Rd3 Re8 1/2-1/2

[Event "Open Praha 2018 - B"]
[Site "Praha (CZE)"]
[Date "2018.01.14"]
[Round "4"]
[White "Krajinski, Lutz"]
[Black "Marjanovic, Gyorgy"]
[Result "0-1"]
[WhiteElo "1684"]
[BlackElo "2026"]
[PlyCount "76"]
[EventDate "2018.01.12"]

1. d4 d5 2. Nf3 Nf6 3. e3 e6 4. Bd3 c5 5. c4 Nc6 6. Nc3 Be7 7. O-O O-O 8. a3 b6
9. cxd5 exd5 10. Qc2 g6 11. Bd2 c4 12. Be2 Bf5 13. Qd1 a6 14. Ne5 Na5 15. g4
Be6 16. f4 Ne8 17. f5 Bc8 18. Qc2 f6 19. Nf3 Kg7 20. Nh4 g5 21. Nf3 Bb7 22. Rf2
b5 23. h4 h6 24. Rh2 Nd6 25. Be1 Nb3 26. Rd1 a5 27. Bg3 b4 28. Nb1 Ne4 29. Rh3
Nxg3 30. Rxg3 Bd6 31. Rh3 Qe7 32. Nfd2 Nxd4 33. exd4 Qxe2 34. hxg5 Qxg4+ 35.
Kf2 Qxh3 36. gxh6+ Kh7 37. Rg1 Rg8 38. Nf3 Rxg1 0-1

[Event "Open Praha 2018 - B"]
[Site "Praha (CZE)"]
[Date "2018.01.14"]
[Round "4"]
[White "Cech, Lubomir"]
[Black "Janacek, Jaroslav"]
[Result "0-1"]
[WhiteElo "1661"]
[BlackElo "2020"]
[PlyCount "50"]
[EventDate "2018.01.12"]

1. e4 d6 2. d4 Nf6 3. Nc3 e5 4. dxe5 dxe5 5. Qxd8+ Kxd8 6. Bg5 Be6 7. O-O-O+
Nbd7 8. f3 c6 9. g3 h6 10. Be3 Kc7 11. a3 b5 12. Bh3 Bc5 13. Bxc5 Nxc5 14. Bxe6
Nxe6 15. Nge2 Nd7 16. Kd2 a5 17. b4 Nb6 18. Ke1 Nc4 19. Nb1 axb4 20. axb4 Ne3
21. Rd2 Ra1 22. Kf2 Nc4 23. Rdd1 Ra2 24. c3 Rha8 25. Rhe1 Rb2 0-1

[Event "Open Praha 2018 - A"]
[Site "?"]
[Date "2018.01.15"]
[Round "5"]
[White "Stefansson, Hannes"]
[Black "Low, Zhen Yu Cyrus"]
[Result "1-0"]
[BlackElo "2437"]
[WhiteElo "2523"]
[LiveChessVersion "1.4.8"]

1. e4 {[%clk 1:30:50]} c5 {[%clk 1:30:53]} 2. Nf3 {[%clk 1:31:03]} d6
{[%clk 1:31:12]} 3. d4 {[%clk 1:31:17]} cxd4 {[%clk 1:31:36]} 4. Nxd4
{[%clk 1:31:42]} Nf6 {[%clk 1:32:01]} 5. Nc3 {[%clk 1:32:01]} Nc6
{[%clk 1:32:27]} 6. Bg5 {[%clk 1:31:57]} e6 {[%clk 1:32:52]} 7. Qd2
{[%clk 1:32:10]} a6 {[%clk 1:33:18]} 8. O-O-O {[%clk 1:31:45]} Bd7
{[%clk 1:33:41]} 9. f3 {[%clk 1:31:37]} Be7 {[%clk 1:33:41]} 10. h4
{[%clk 1:30:28]} h6 {[%clk 1:33:35]} 11. Be3 {[%clk 1:30:21]} h5 {[%clk 1:33:59]}
12. Nxc6 {[%clk 1:28:15]} Bxc6 {[%clk 1:28:30]} 13. Bg5 {[%clk 1:28:23]} Qc7
{[%clk 1:27:25]} 14. Ne2 {[%clk 1:21:03]} b5 {[%clk 1:23:08]} 15. Kb1
{[%clk 1:18:12]} Bd7 {[%clk 1:21:26]} 16. Nd4 {[%clk 1:09:12]} Qb6
{[%clk 1:04:17]} 17. Qe1 {[%clk 1:04:29]} b4 {[%clk 0:57:52]} 18. Bc4
{[%clk 0:58:44]} O-O {[%clk 0:43:39]} 19. f4 {[%clk 0:49:49]} Qc5
{[%clk 0:33:36]} 20. Bb3 {[%clk 0:45:57]} a5 {[%clk 0:29:31]} 21. e5
{[%clk 0:41:06]} dxe5 {[%clk 0:26:50]} 22. fxe5 {[%clk 0:39:33]} Ng4
{[%clk 0:25:04]} 23. Nf5 {[%clk 0:39:45]} Bxg5 {[%clk 0:04:40]} 24. hxg5
{[%clk 0:39:53]} exf5 {[%clk 0:04:32]} 25. Rxd7 {[%clk 0:24:45]} a4
{[%clk 0:04:48]} 26. Bd5 {[%clk 0:25:06]} Rac8 {[%clk 0:05:07]} 27. Qe2
{[%clk 0:25:18]} Nxe5 {[%clk 0:04:04]} 28. Rb7 {[%clk 0:22:17]} Ng4
{[%clk 0:00:53]} 29. Rb5 {[%clk 0:15:53]} Qe3 {[%clk 0:00:32]} 30. Qxe3
{[%clk 0:12:07]} Nxe3 {[%clk 0:01:01]} 31. Bf3 {[%clk 0:11:45]} Nxc2
{[%clk 0:00:49]} 32. Bxh5 {[%clk 0:10:37]} Rc7 {[%clk 0:00:35]} 33. g6 fxg6
{[%clk 0:00:39]} 34. Bxg6 {[%clk 0:11:15]} Rd8 {[%clk 0:00:33]} 35. Rxf5
{[%clk 0:09:42]} b3 {[%clk 0:00:35]} 36. Bh7+ {[%clk 0:06:02]} Kh8
{[%clk 0:01:04]} 37. Bg6+ {[%clk 0:05:37]} Kg8 {[%clk 0:01:34]} 38. Rf4
{[%clk 0:05:19]} bxa2+ {[%clk 0:00:36]} 39. Kxa2 {[%clk 0:05:43]} Nd4
{[%clk 0:00:58]} 40. Bh7+ {[%clk 0:03:00]} Kh8 {[%clk 0:01:27]} 41. Rfh4
{[%clk 0:29:38]} g5 {[%clk 0:31:11]} 42. Rh6 {[%clk 0:28:02]} Kg7
{[%clk 0:29:09]} 43. Rg6+ {[%clk 0:27:37]} Kf7 {[%clk 0:28:30]} 44. Rf1+
{[%clk 0:23:53]} Ke8 {[%clk 0:27:12]} 45. Rg8+ {[%clk 0:23:33]} Ke7
{[%clk 0:26:18]} 46. Re1+ {[%clk 0:21:57]} Ne6 {[%clk 0:26:40]} 47. Rxg5
{[%clk 0:17:28]} Kd6 {[%clk 0:22:53]} 48. Rg6 {[%clk 0:17:33]} Rxh7
{[%clk 0:23:11]} 49. Rexe6+ {[%clk 0:17:50]} Kd5 {[%clk 0:22:47]} 50. Ra6
{[%clk 0:17:57]} Rb8 {[%clk 0:21:35]} 51. Ra5+ {[%clk 0:17:42]} Kc4
{[%clk 0:21:31]} 52. Rxa4+ {[%clk 0:17:49]} Kd3 {[%clk 0:20:59]} 53. Rg3+
{[%clk 0:17:36]} Ke2 {[%clk 0:21:22]} 54. Rc3 {[%clk 0:17:13]} Rhb7
{[%clk 0:21:34]} 55. b3 {[%clk 0:17:16]} Rd7 {[%clk 0:20:32]} 56. Kb2
{[%clk 0:17:13]} Rb5 {[%clk 0:18:57]} 57. g4 {[%clk 0:16:46]} Rd8
{[%clk 0:19:20]} 58. Re4+ {[%clk 0:16:07]} Kf2 {[%clk 0:19:03]} 59. b4
{[%clk 0:16:24]} Rd1 {[%clk 0:18:49]} 60. Rec4 {[%clk 0:15:31]} Rg1
{[%clk 0:18:13]} 61. Rd4 {[%clk 0:15:21]} Rb8 {[%clk 0:18:07]} 62. Rb3
{[%clk 0:13:31]} Rb5 {[%clk 0:17:33]} 63. Rc4 {[%clk 0:13:34]} 1-0

[Event "Open Praha 2018 - A"]
[Site "?"]
[Date "2018.01.15"]
[Round "5"]
[White "Kiriakov, Petr"]
[Black "Mihajlov, Sebastian"]
[Result "1/2-1/2"]
[BlackElo "2371"]
[WhiteElo "2528"]
[LiveChessVersion "1.4.8"]

1. d4 {[%clk 1:30:58]} d5 {[%clk 1:16:20]} 2. c4 {[%clk 1:31:19]} c6
{[%clk 1:16:45]} 3. Nc3 {[%clk 1:30:58]} Nf6 {[%clk 1:17:09]} 4. e3
{[%clk 1:31:14]} e6 {[%clk 1:17:27]} 5. Bd3 {[%clk 1:30:05]} Nbd7
{[%clk 1:17:33]} 6. a3 {[%clk 1:29:37]} dxc4 {[%clk 1:16:09]} 7. Bxc4
{[%clk 1:28:23]} b5 {[%clk 1:16:36]} 8. Be2 {[%clk 1:26:12]} Bb7 {[%clk 1:15:37]}
9. Bf3 {[%clk 1:25:31]} Qb6 {[%clk 1:14:23]} 10. b4 {[%clk 1:20:46]} a5
{[%clk 1:04:57]} 11. Rb1 {[%clk 1:20:34]} axb4 {[%clk 1:05:10]} 12. axb4
{[%clk 1:21:01]} Bd6 {[%clk 1:04:08]} 13. Bd2 {[%clk 1:10:20]} O-O
{[%clk 0:59:24]} 14. Nge2 {[%clk 1:10:12]} e5 {[%clk 0:58:42]} 15. Qc2
{[%clk 1:06:47]} Rfe8 {[%clk 0:45:15]} 16. O-O {[%clk 1:06:08]} g6
{[%clk 0:42:56]} 17. Rfd1 {[%clk 0:56:44]} exd4 {[%clk 0:39:13]} 18. exd4
{[%clk 0:56:27]} Qc7 {[%clk 0:35:51]} 19. Ng3 {[%clk 0:49:49]} Rac8
{[%clk 0:34:22]} 20. Kh1 {[%clk 0:42:24]} Nb6 {[%clk 0:32:10]} 21. Nge4
{[%clk 0:39:11]} Be7 {[%clk 0:32:34]} 22. Qc1 {[%clk 0:32:28]} Nfd5
{[%clk 0:31:27]} 23. Nc5 {[%clk 0:31:53]} Bf6 {[%clk 0:30:17]} 24. Bxd5
{[%clk 0:27:30]} Nxd5 {[%clk 0:30:44]} 25. Nxd5 {[%clk 0:27:27]} cxd5
{[%clk 0:31:10]} 26. Bg5 {[%clk 0:27:08]} Bg7 {[%clk 0:30:56]} 27. Bh6
{[%clk 0:26:29]} Bxh6 {[%clk 0:27:35]} 28. Qxh6 {[%clk 0:26:55]} Re2
{[%clk 0:28:01]} 29. Rd2 {[%clk 0:23:33]} Rce8 {[%clk 0:27:20]} 30. Rxe2
{[%clk 0:23:25]} Rxe2 {[%clk 0:27:49]} 31. Qh4 {[%clk 0:22:56]} Bc8
{[%clk 0:23:53]} 32. Kg1 {[%clk 0:21:19]} Bf5 {[%clk 0:23:31]} 33. Rc1
{[%clk 0:18:31]} Qa7 {[%clk 0:20:24]} 34. g4 {[%clk 0:05:54]} Qa3
{[%clk 0:19:18]} 35. Rd1 {[%clk 0:05:51]} Be6 {[%clk 0:16:39]} 36. Kf1
{[%clk 0:04:19]} Qa2 {[%clk 0:11:19]} 37. Rd3 {[%clk 0:03:18]} Qc2
{[%clk 0:06:55]} 38. Kg2 {[%clk 0:02:01]} Re1 {[%clk 0:04:20]} 39. Rf3
{[%clk 0:01:45]} Qe2 {[%clk 0:04:46]} 40. Qd8+ {[%clk 0:01:19]} Kg7
{[%clk 0:05:10]} 41. Qf6+ {[%clk 0:01:02]} Kg8 {[%clk 0:05:32]} 42. Qd8+
{[%clk 0:08:33]} Kg7 {[%clk 0:35:58]} 43. Qf6+ 1/2-1/2

[Event "Open Praha 2018 - A"]
[Site "?"]
[Date "2018.01.15"]
[Round "5"]
[White "Luukkonen, Tommi"]
[Black "Jurcik, Marian"]
[Result "0-1"]
[BlackElo "2460"]
[WhiteElo "2331"]
[LiveChessVersion "1.4.8"]

1. c4 {[%clk 1:30:53]} e5 {[%clk 1:30:15]} 2. g3 {[%clk 1:30:15]} Nf6
{[%clk 1:30:04]} 3. Bg2 {[%clk 1:30:40]} d5 {[%clk 1:28:53]} 4. cxd5
{[%clk 1:31:04]} Nxd5 {[%clk 1:29:17]} 5. Nf3 {[%clk 1:31:24]} Nc6
{[%clk 1:29:38]} 6. O-O {[%clk 1:31:48]} Nb6 {[%clk 1:28:46]} 7. b3
{[%clk 1:32:13]} Be7 {[%clk 1:26:24]} 8. Bb2 {[%clk 1:32:22]} f6 {[%clk 1:26:39]}
9. Qc1 {[%clk 1:32:49]} O-O {[%clk 1:24:10]} 10. Rd1 {[%clk 1:33:13]} Qe8
{[%clk 1:11:02]} 11. Nc3 {[%clk 1:30:19]} Bd6 {[%clk 1:01:28]} 12. Ne4
{[%clk 1:26:42]} f5 {[%clk 0:56:03]} 13. Nxd6 {[%clk 1:24:09]} cxd6
{[%clk 0:56:31]} 14. d3 {[%clk 1:23:15]} Bd7 {[%clk 0:54:43]} 15. Nd2
{[%clk 1:19:49]} d5 {[%clk 0:46:55]} 16. Qc5 {[%clk 1:16:48]} Qe6
{[%clk 0:43:21]} 17. f4 {[%clk 1:13:40]} exf4 {[%clk 0:39:40]} 18. Qf2
{[%clk 1:12:47]} fxg3 {[%clk 0:38:31]} 19. Qxg3 {[%clk 1:13:09]} Qh6
{[%clk 0:36:22]} 20. a4 {[%clk 1:11:12]} f4 {[%clk 0:32:35]} 21. Qf2
{[%clk 1:10:53]} Be6 {[%clk 0:29:46]} 22. Rdc1 {[%clk 0:52:56]} Nd7
{[%clk 0:29:30]} 23. a5 {[%clk 0:45:17]} Nde5 {[%clk 0:21:24]} 24. Nf3
{[%clk 0:39:45]} Ng4 {[%clk 0:20:36]} 25. Qh4 {[%clk 0:39:31]} Qxh4
{[%clk 0:20:08]} 26. Nxh4 {[%clk 0:39:56]} a6 {[%clk 0:20:01]} 27. Bh3
{[%clk 0:38:07]} Rae8 {[%clk 0:19:38]} 28. b4 {[%clk 0:33:38]} Ne3
{[%clk 0:15:02]} 29. Bg2 {[%clk 0:31:17]} Nxg2 {[%clk 0:13:31]} 30. Nxg2
{[%clk 0:31:42]} Bh3 {[%clk 0:12:32]} 31. Re1 {[%clk 0:30:40]} Nxb4
{[%clk 0:09:39]} 32. Ba3 {[%clk 0:30:19]} Nc2 {[%clk 0:09:25]} 33. Bxf8
{[%clk 0:30:47]} Rxf8 {[%clk 0:09:05]} 34. Rac1 {[%clk 0:31:12]} Nxe1
{[%clk 0:09:00]} 35. Nxe1 {[%clk 0:31:40]} Bg4 {[%clk 0:05:32]} 36. Kf2
{[%clk 0:32:05]} Re8 {[%clk 0:05:48]} 37. Nf3 {[%clk 0:31:59]} Bxf3
{[%clk 0:04:14]} 38. Kxf3 {[%clk 0:32:24]} Re3+ {[%clk 0:04:18]} 39. Kf2
{[%clk 0:32:53]} Rh3 {[%clk 0:00:49]} 40. Kg2 {[%clk 0:31:57]} Re3
{[%clk 0:01:17]} 41. Kf2 {[%clk 0:32:20]} Re7 {[%clk 0:24:31]} 42. Rc5
{[%clk 1:02:28]} Rd7 {[%clk 0:23:21]} 43. Kf3 {[%clk 1:02:41]} g5
{[%clk 0:23:29]} 44. Kg4 {[%clk 1:01:56]} h6 {[%clk 0:23:40]} 45. Kh5
{[%clk 0:57:33]} Kg7 {[%clk 0:23:35]} 46. Rc2 {[%clk 0:57:39]} Re7
{[%clk 0:23:22]} 47. Rb2 {[%clk 0:57:42]} Kf6 {[%clk 0:22:48]} 48. Kg4
{[%clk 0:53:38]} h5+ {[%clk 0:22:29]} 49. Kxh5 {[%clk 0:53:19]} Kf5
{[%clk 0:22:43]} 50. Kh6 {[%clk 0:53:34]} g4 {[%clk 0:23:02]} 0-1

[Event "Open Praha 2018 - A"]
[Site "?"]
[Date "2018.01.15"]
[Round "5"]
[White "Pacher, Milan"]
[Black "Schippers, Maurice"]
[Result "1-0"]
[BlackElo "2309"]
[WhiteElo "2444"]
[LiveChessVersion "1.4.8"]

1. d4 {[%clk 1:24:55]} Nf6 {[%clk 1:29:15]} 2. c4 {[%clk 1:25:19]} g6
{[%clk 1:29:41]} 3. Nc3 {[%clk 1:25:44]} Bg7 {[%clk 1:29:57]} 4. e4
{[%clk 1:26:09]} d6 {[%clk 1:30:23]} 5. Nf3 {[%clk 1:26:35]} O-O {[%clk 1:30:28]}
6. Be2 {[%clk 1:27:00]} e5 {[%clk 1:30:36]} 7. O-O {[%clk 1:27:25]} exd4
{[%clk 1:30:26]} 8. Nxd4 {[%clk 1:27:49]} Re8 {[%clk 1:30:25]} 9. f3
{[%clk 1:28:14]} Nc6 {[%clk 1:30:07]} 10. Be3 {[%clk 1:28:13]} Nh5
{[%clk 1:27:41]} 11. Qd2 {[%clk 1:28:33]} f5 {[%clk 1:25:28]} 12. Nxc6
{[%clk 1:24:35]} bxc6 {[%clk 1:25:52]} 13. Bg5 {[%clk 1:23:58]} Bf6
{[%clk 1:23:46]} 14. Bxf6 {[%clk 1:22:56]} Nxf6 {[%clk 1:24:04]} 15. Bd3
{[%clk 1:22:01]} fxe4 {[%clk 1:20:40]} 16. Bxe4 {[%clk 1:20:59]} Nxe4
{[%clk 1:16:52]} 17. fxe4 {[%clk 1:21:05]} Qe7 {[%clk 1:08:11]} 18. Rf3
{[%clk 1:18:04]} Bg4 {[%clk 1:04:34]} 19. Rf4 {[%clk 1:15:56]} Be6
{[%clk 1:03:54]} 20. b3 {[%clk 1:15:44]} Qg7 {[%clk 1:03:32]} 21. Raf1
{[%clk 1:14:49]} Rf8 {[%clk 1:00:08]} 22. Ne2 {[%clk 1:13:13]} Rxf4
{[%clk 0:57:40]} 23. Nxf4 {[%clk 1:13:39]} Qe5 {[%clk 0:54:39]} 24. Nxe6
{[%clk 1:07:29]} Qxe6 {[%clk 0:55:04]} 25. Qa5 {[%clk 1:07:45]} Qxe4
{[%clk 0:45:45]} 26. Qxc7 {[%clk 1:07:46]} Qd4+ {[%clk 0:45:29]} 27. Kh1
{[%clk 1:08:10]} Rf8 {[%clk 0:44:36]} 28. Rg1 {[%clk 1:07:36]} Qc5
{[%clk 0:42:46]} 29. h3 {[%clk 1:05:50]} Rf7 {[%clk 0:38:00]} 30. Qb8+
{[%clk 1:02:46]} Rf8 {[%clk 0:37:45]} 31. Qc7 {[%clk 1:01:52]} Rf7
{[%clk 0:38:10]} 32. Qd8+ {[%clk 1:01:33]} Rf8 {[%clk 0:37:20]} 33. Qe7
{[%clk 1:01:11]} Rf7 {[%clk 0:37:13]} 34. Qe6 {[%clk 1:00:49]} Kg7
{[%clk 0:37:03]} 35. Rd1 {[%clk 0:59:04]} Rf6 {[%clk 0:35:54]} 36. Qe4
{[%clk 0:57:59]} a5 {[%clk 0:31:55]} 37. Re1 {[%clk 0:48:41]} Rf7
{[%clk 0:29:25]} 38. Qd3 {[%clk 0:46:56]} d5 {[%clk 0:19:56]} 39. cxd5
{[%clk 0:45:13]} cxd5 {[%clk 0:18:57]} 40. Re5 {[%clk 0:43:29]} Qc1+
{[%clk 0:08:50]} 41. Kh2 {[%clk 0:44:21]} Qc7 {[%clk 0:07:38]} 42. Qg3
{[%clk 0:42:18]} Rd7 {[%clk 0:25:55]} 43. Re2 {[%clk 1:05:34]} Kf6
{[%clk 0:24:07]} 44. Rf2+ {[%clk 1:03:05]} Ke6 45. Rf4 d4 {[%clk 0:21:47]} 46.
Qg4+ {[%clk 1:01:21]} Kd5 47. Kg1 {[%clk 1:01:33]} Qc1+ {[%clk 0:18:32]} 48. Rf1
{[%clk 1:02:01]} Qe3+ {[%clk 0:18:53]} 49. Kh1 {[%clk 1:02:26]} Rc7
{[%clk 0:18:05]} 50. Qd1 {[%clk 0:59:17]} Re7 {[%clk 0:11:35]} 51. Qc2
{[%clk 0:56:53]} Qe2 {[%clk 0:11:27]} 52. Qc1 {[%clk 0:57:02]} Re3 53. a3
{[%clk 0:53:36]} h6 {[%clk 0:08:19]} 54. b4 {[%clk 0:53:14]} Rc3 {[%clk 0:08:10]}
55. Qf4 {[%clk 0:53:05]} axb4 {[%clk 0:06:53]} 56. axb4 {[%clk 0:52:45]} Rc2
{[%clk 0:06:37]} 57. Qf7+ {[%clk 0:52:41]} Ke5 {[%clk 0:06:38]} 58. Qe7+
{[%clk 0:51:27]} Kd5 {[%clk 0:07:02]} 59. Qb7+ {[%clk 0:51:46]} Kc4
{[%clk 0:05:22]} 60. Ra1 {[%clk 0:49:01]} d3 {[%clk 0:04:28]} 61. Qc6+
{[%clk 0:46:03]} Kd4 {[%clk 0:04:21]} 62. Qxg6 {[%clk 0:45:24]} Qe4
{[%clk 0:03:00]} 63. Qg7+ {[%clk 0:44:56]} Kc4 {[%clk 0:03:16]} 64. b5
{[%clk 0:44:27]} Kxb5 {[%clk 0:02:00]} 65. Rb1+ {[%clk 0:43:33]} Kc4
{[%clk 0:01:30]} 66. Qc7+ {[%clk 0:43:40]} Kd5 {[%clk 0:01:10]} 67. Rb5+
{[%clk 0:43:50]} Ke6 {[%clk 0:01:12]} 68. Rb6+ {[%clk 0:44:15]} Kf5
{[%clk 0:00:50]} 69. Qf7+ {[%clk 0:42:04]} Kg5 {[%clk 0:00:38]} 70. Qf6+
{[%clk 0:42:29]} 1-0